<?xml version="1.0" encoding="UTF-8"?>
<collection xmlns="http://www.loc.gov/MARC21/slim">
 <record>
  <leader>     na                 </leader>
  <controlfield tag="001">INLIS000000000000447</controlfield>
  <controlfield tag="005">20210308110530</controlfield>
  <controlfield tag="035">$a 0010-0221000079</controlfield>
  <controlfield tag="245">$a KKPK: PERGINYA SAHABATKU /$c INGE SYAHLA KEARY</controlfield>
  <controlfield tag="100">$a INGE SYAHLA KEARY</controlfield>
  <controlfield tag="260">$a Bandung :$b MUFFIN GRAPHICS (PT CERITA ANAK BANGSA),$c 2018</controlfield>
  <controlfield tag="084">$a 813 ING k</controlfield>
  <controlfield tag="650">$a Fiksi</controlfield>
  <controlfield tag="008">210308                           0      </controlfield>
  <controlfield tag="020">$a 978-602-367-462-6</controlfield>
  <controlfield tag="082">$a 813</controlfield>
  <controlfield tag="250">$a Cet.3</controlfield>
  <controlfield tag="300">$a 104 hlm : $b ilus ; $c 14.5 x 20.5 cm</controlfield>
  <controlfield tag="990">$a 4845/2018</controlfield>
  <controlfield tag="990">$a 4846/2018</controlfield>
 </record>
</collection>
